[Event "Olympiad-45"]
[Site "Budapest"]
[Date "2024.09.14"]
[Round "4.73"]
[White "Pg, Md Omar Ak Hafizon"]
[Black "Kumar, Manoj"]
[Result "1/2-1/2"]
[WhiteElo "2159"]
[BlackElo "1951"]
[PlyCount "95"]
[EventDate "2024.09.11"]
[EventType "team-swiss"]
[EventRounds "11"]
[EventCountry "HUN"]
[SourceTitle "EXT 2025"]
[Source "ChessBase"]
[SourceDate "2024.10.14"]
[SourceVersion "1"]
[SourceVersionDate "2024.10.14"]
[SourceQuality "1"]
[WhiteTeam "Brunei Darussalam"]
[BlackTeam "Fiji"]
[WhiteTeamCountry "BRN"]
[BlackTeamCountry "FIJ"]

1. e4 e5 2. Nf3 Nc6 3. Bc4 Bc5 4. d3 Nf6 5. Bb3 d6 6. c3 Bb6 7. 0-0 h6 8. Be3 0-0 9. Nbd2 Ng4 10. Bxb6 axb6 11. h3 Nf6 12. d4 Re8 13. Re1 Bd7 14. a3 Nh7 15. Nf1 Ng5 16. Nxg5 Qxg5 17. Re3 exd4 18. cxd4 Qh4 19. Ng3 Ne7 20. Rc1 c6 21. Rf3 Rf8 22. Ne2 Qxe4 23. Bc2 Qh4 24. Qd3 f5 25. Qb3+ Kh8 26. Nf4 Qf6 27. Re1 Nc8 28. h4 d5 29. h5 Kh7 30. Ng6 Rd8 31. Ne5 Nd6 32. Rg3 Be8 33. Qxb6 Bxh5 34. Qb4 Rab8 35. Rh3 Bg6 36. Ree3 Ne4 37. f3 Nd6 38. Qe1 Be8 39. Bb1 Kg8 40. a4 Ra8 41. b3 Rab8 42. f4 Ne4 43. b4 Ra8 44. Bc2 Rdc8 45. Bb3 Kh7 46. Bc2 Kg8 47. Bb3 Kh7 48. Bc2 1/2-1/2

[Event "Olympiad-45"]
[Site "Budapest"]
[Date "2024.09.13"]
[Round "3.49"]
[White "Atabayev, Saparmyrat"]
[Black "Pg, Md Omar Ak Hafizon"]
[Result "1-0"]
[WhiteElo "2516"]
[BlackElo "2159"]
[PlyCount "45"]
[EventDate "2024.09.11"]
[EventType "team-swiss"]
[EventRounds "11"]
[EventCountry "HUN"]
[SourceTitle "EXT 2025"]
[Source "ChessBase"]
[SourceDate "2024.10.14"]
[SourceVersion "1"]
[SourceVersionDate "2024.10.14"]
[SourceQuality "1"]
[WhiteTeam "Turkmenistan"]
[BlackTeam "Brunei Darussalam"]
[WhiteTeamCountry "TKM"]
[BlackTeamCountry "BRN"]

1. e4 c5 2. Nf3 e6 3. d4 cxd4 4. Nxd4 a6 5. Bd3 Bc5 6. Nb3 Be7 7. 0-0 Nc6 8. f4 d6 9. c4 Bf6 10. Nc3 Nge7 11. Be3 Rb8 12. Qf3 Nb4 13. Rad1 Nxd3 14. Rxd3 Bxc3 15. bxc3 Qc7 16. c5 d5 17. exd5 exd5 18. f5 Bxf5 19. Bf4 Qc8 20. Bd6 0-0 21. Bxe7 Be4 22. Qg3 Bxd3 23. Bxf8 1-0

[Event "Olympiad-45"]
[Site "Budapest"]
[Date "2024.09.11"]
[Round "1.26"]
[White "Demchenko, Anton"]
[Black "Pg, Md Omar Ak Hafizon"]
[Result "1-0"]
[WhiteElo "2597"]
[BlackElo "2159"]
[PlyCount "65"]
[EventDate "2024.09.11"]
[EventType "team-swiss"]
[EventRounds "11"]
[EventCountry "HUN"]
[SourceTitle "EXT 2025"]
[Source "ChessBase"]
[SourceDate "2024.10.14"]
[SourceVersion "1"]
[SourceVersionDate "2024.10.14"]
[SourceQuality "1"]
[WhiteTeam "Slovenia"]
[BlackTeam "Brunei Darussalam"]
[WhiteTeamCountry "SLO"]
[BlackTeamCountry "BRN"]

1. e4 c5 2. Nf3 e6 3. d4 cxd4 4. Nxd4 a6 5. a3 Nf6 6. Nc3 Qc7 7. f4 d6 8. g4 Nc6 9. g5 Nd7 10. Be3 b5 11. Nxc6 Qxc6 12. Qd4 Rb8 13. Be2 Qb6 14. Qd2 Qb7 15. h4 Nc5 16. Bf3 b4 17. axb4 Qxb4 18. 0-0 Bb7 19. Bd4 h6 20. Qf2 hxg5 21. fxg5 f6 22. gxf6 gxf6 23. Bxf6 Rg8+ 24. Bg5 Be7 25. Bg2 Rxg5 26. hxg5 Kd7 27. Qe3 Rg8 28. Rf7 Ke8 29. Raf1 Bxg5 30. Qf2 Bh6 31. Qf6 Bg5 32. Re7+ Kd8 33. Rxb7+ 1-0

[Event "Olympiad-43"]
[Site "Batumi"]
[Date "2018.10.01"]
[Round "7.64"]
[White "Blackburn, Jonathan LB"]
[Black "Pg, Md Omar Ak Hafizon"]
[Result "1/2-1/2"]
[WhiteElo "2185"]
[BlackElo "2125"]
[PlyCount "109"]
[EventDate "2018.09.24"]
[EventType "team-swiss"]
[EventRounds "11"]
[EventCountry "GEO"]
[SourceTitle "CBM 187"]
[Source "ChessBase"]
[SourceDate "2018.12.11"]
[SourceVersion "1"]
[SourceVersionDate "2018.12.11"]
[SourceQuality "1"]
[WhiteTeam "Wales"]
[BlackTeam "Brunei"]
[WhiteTeamCountry "WLS"]
[BlackTeamCountry "BRN"]

1. d4 Nf6 2. c4 g6 3. Nc3 d5 4. e3 Bg7 5. b4 0-0 6. Nf3 c6 7. Bb2 dxc4 8. Bxc4 b5 9. Be2 a5 10. bxa5 Qxa5 11. 0-0 Na6 12. Ne5 Bb7 13. Qb3 b4 14. Na4 c5 15. Nc4 Qc7 16. Ncb6 Ra7 17. Rfc1 Bc6 18. dxc5 Rd8 19. Bxa6 Rxa6 20. Qxb4 Rb8 21. Nc3 Qb7 22. f3 Nd7 23. Ne4 Bxb2 24. Qxb2 Bxe4 25. fxe4 Nxb6 26. cxb6 Qxe4 27. b7 Qxb7 28. Qxb7 Rxb7 29. a4 Rb4 30. a5 Rb5 31. Rc3 Raxa5 32. Rxa5 Rxa5 33. Kf2 f5 34. Kf3 Ra4 35. h3 h5 36. Rc6 Kf7 37. g3 h4 38. g4 fxg4+ 39. hxg4 g5 40. Rc5 Kf6 41. Rf5+ Kg6 42. Re5 Ra7 43. Re6+ Kf7 44. Re5 Kf6 45. Rf5+ Kg6 46. Re5 Ra2 47. Rxe7 Rh2 48. Ra7 Rh3+ 49. Ke4 Rg3 50. Ra6+ Kf7 51. Ra7+ Ke6 52. Ra6+ Ke7 53. Ra7+ Ke6 54. Ra6+ Ke7 55. Ra7+ 1/2-1/2

[Event "Olympiad-42"]
[Site "Baku"]
[Date "2016.09.06"]
[Round "5.2"]
[White "Izijk, Jimmy"]
[Black "Pg, Md Omar Ak Hafizon"]
[Result "1/2-1/2"]
[WhiteElo "1991"]
[BlackElo "2168"]
[PlyCount "112"]
[EventDate "2016.09.02"]
[EventType "team-swiss"]
[EventRounds "11"]
[EventCountry "AZE"]
[SourceTitle "CBM 175"]
[Source "ChessBase"]
[SourceDate "2016.11.10"]
[SourceVersion "1"]
[SourceVersionDate "2016.11.10"]
[SourceQuality "1"]
[WhiteTeam "Netherlands Antilles"]
[BlackTeam "Brunei"]
[WhiteTeamCountry "AHO"]
[BlackTeamCountry "BRN"]

1. d4 d5 2. Nf3 Nf6 3. c4 dxc4 4. Qa4+ Nbd7 5. Nc3 c6 6. Qxc4 Nb6 7. Qd3 g6 8. e4 Bg7 9. Be2 0-0 10. 0-0 Be6 11. b3 a5 12. Rd1 Qc7 13. g3 Rad8 14. Qc2 Qb8 15. Ba3 Rfe8 16. Rac1 Bg4 17. Ne5 Bxe2 18. Qxe2 Nbd7 19. Nxd7 Nxd7 20. e5 Nf8 21. f4 Ne6 22. d5 cxd5 23. Nxd5 b5 24. Nxe7+ Rxe7 25. Rxd8+ Qxd8 26. Bxe7 Qxe7 27. Qxb5 Qb4 28. Qd3 Bf8 29. Rc4 Qb7 30. Qc2 Bc5+ 31. Rxc5 Qb6 32. Kf1 Qxc5 33. Qxc5 Nxc5 34. Ke2 Kf8 35. Ke3 Ke7 36. Kd4 Nb7 37. Kd5 Kd7 38. a3 h5 39. h3 Nd8 40. b4 axb4 41. axb4 Ne6 42. Ke4 Kc6 43. h4 Ng7 44. Kf3 Kb5 45. g4 Kxb4 46. gxh5 Nxh5 47. Kg4 Ng7 48. Kg5 Ne6+ 49. Kf6 Kc5 50. Kxf7 Kd5 51. Kxg6 Nxf4+ 52. Kf5 Nh5 53. e6 Kd6 54. Kg5 Kxe6 55. Kxh5 Kf7 56. Kh6 Kg8 1/2-1/2